Flagi państw wyspiarskich - Statystyki

Ogólne statystyki
  • Ten quiz został rozwiązany 30 razy
  • Średni wynik to 17 z 18
Statystyki odpowiedzi
Obrazkowy Odpowiedź % Poprawnych
Cypr
100%
Filipiny
100%
Irlandia
100%
Islandia
100%
Malta
100%
Nowa Zelandia
100%
Sri Lanka
100%
Wielka Brytania
100%
Jamajka
95%
Bahamy
90%
Dominikana
90%
Haiti
90%
Komory
90%
Kuba
90%
Papua Nowa Gwinea
90%
Seszele
90%
Trynidad i Tobago
90%
Tajwan
81%
Nie znaleziono quizów pasujących do podanych kryteriów
Rozkład punktacji
Procent ludzi z każdym wynikiem
Percentyl według liczby udzielonych odpowiedzi
Twoja historia wyników
Nie rozwiązałeś tego quizu